Datum a čas kvízu
34.5
Celkem bodů
Celkový počet nahraných bodů na tomto kvízu bez doplňovacích otázek.
1.
Pořadí na kvízu
Konečné umístění týmu na tomto kvízu.
Zaznamenané odpovědi
| # | Otázka | Odpověď | Body | Výsledky |
|---|---|---|---|---|
| 1. | Řídit soupravu pražského metra... | 1 | ||
| 2. | Loď slavného polárního badatel... | 1 | ||
| 3. | Čínské úřady nedovolily v zemi... | 1 | ||
| 4. | Soud v San Francisku v pátek n... | 1 | ||
| 5. | V úvodu úterního duelu Slavia... | 1 | ||
| 6. | Partnerem Hospodského kvízu se... | 0 | ||
| 7. | Když se řekne rum, může to něk... | 0 | ||
| 8. | Jak se jmenuje české město, v... | 0 | ||
| 9. | Napište podtitul druhého dílu... | 0 | ||
| 10. | Ikonou rumů značky Captain Mor... | 0 |